000 00826cab a2200277 4500
001 WB2811-03
008 090401t1992 xxu||||| |||| 00| 0 eng d
035 _a(Sirsi) u55581
041 _aeng
245 _aNHS estate in London
260 _c1992
350 _a0
490 _aTimes
_v12 March 1992, 4(1)
520 _aA report to the Kings`s Fund Commission in London states that £400m needs to be spent on the backlog of maintenance in London hospitals.
650 _aBACKLOG
650 _aHOSPITALS
650 _aLONDON INITIATIVE
650 _aRefurbishment
_96264
650 _aNHS ESTATE
650 _aValuation
_96273
690 _aBUILDING AND CONSTRUCTION-REPAIRS AND MAINTENANCE
690 _aPROPERTY-COMMERCIAL PROPERTY
690 _aRATING AND VALUATION
942 _n0
948 _c04/03/1997
999 _c33964
_d33964